| 000 | 00596 a2200193 4500 | ||
|---|---|---|---|
| 020 | _a0138874077 | ||
| 035 | _a(OCoLC)ocm37928603 | ||
| 035 | _a(InU)CBA7589SB | ||
| 035 | _a(InU)AKA2430BB | ||
| 040 |
_aDLC _bDLC |
||
| 082 | 0 | 0 | _a005.4/3 |
| 100 | 1 | _aStallings, William. | |
| 245 | 0 | 0 |
_aOperating systems: internals and design principles _binternals and design principles _cWilliam Stallings. |
| 250 | _a3rd ed. | ||
| 260 |
_aUpper Saddle River, N.J. : _bPrentice Hall, _cc1998. |
||
| 300 |
_axvii, 781 p. : _bill. ; _c25 cm. |
||
| 650 | 0 | _aOperating systems (Computers) | |
| 942 |
_cBK _2ddc |
||
| 999 |
_c482995 _d482995 |
||